| 000 | 00792nmc a2200301 a 4500 | ||
|---|---|---|---|
| 003 | AR-BaBNM | ||
| 005 | 20251128211530.0 | ||
| 008 | 084120s1994 ||||||||||||||000 | spa|| | ||
| 020 | _a987-9011-05-8 | ||
| 040 | _cAR-BaBNM | ||
| 245 | 1 | 0 | _aLa conquista de Olwen |
| 260 |
_aBuenos Aires _bEdiciones del Eclipse _c1994 |
||
| 300 |
_a29 p. _bil. |
||
| 490 | 0 | _aLibros del olifante | |
| 650 | 4 | _aLITERATURA INGLESA | |
| 650 | 4 | _aLITERATURA MEDIEVAL | |
| 650 | 4 | _aTRADICION ORAL | |
| 650 | 4 | _aLITERATURA POPULAR | |
| 650 | 4 | _aLEYENDAS | |
| 651 | 4 | _aGran Bretaña | |
| 655 | _aLITERATURA | ||
| 700 | 1 |
_aLópez, Claudia _eadaptador |
|
| 700 | 1 |
_aGöbel, Anna _eilustrador |
|
| 700 | 0 |
_aIstvan _ediseño |
|
| 800 | 1 |
_aAlvarado, Maite _edirector |
|
| 942 | _cBK | ||
| 998 | _cEugenia | ||
| 999 |
_c20055 _d20055 |
||